Name these New Yorkers (NYC) - Statistics

General Stats
  • This quiz has been taken 187 times
  • The average score is 62 of 155
Answer Stats
Picture Hint Answer % Correct
Singer Lady Gaga
93%
Comedian, TV Host Jimmy Fallon
86%
President Donald Trump
84%
Actress Anne Hathaway
81%
First Lady Jacqueline Kennedy Onassis
79%
Rapper Jay-Z
75%
Actress, Singer Jennifer Lopez
75%
Basketball Player Michael Jordan
75%
Professional Boxer Mike Tyson
75%
Actor Vin Diesel
75%
Comedian, Actor Adam Sandler
74%
Actor Robert Downey Jr
74%
Actress Meryl Streep
71%
Actress Scarlett Johansson
71%
Rapper 50 Cent
68%
Actor Ben Stiller
68%
Comic Book Writer Stan Lee
68%
Rapper Tupac Shakur
68%
Actor Macaulay Culkin
67%
Actress Whoopi Goldberg
67%
Comedian Chris Rock
66%
Actor Sylvester Stallone
65%
Comedian Eddie Murphy
64%
Socialite, Actress Paris Hilton
64%
Comedian, TV Host Jimmy Kimmel
63%
Rapper Notorious B.I.G
63%
Supreme Court Justice Ruth Bader Ginsburg
63%
Gangster Al Capone
62%
Senator Bernie Sanders
62%
President Franklin D. Roosevelt
62%
President Theodore Roosevelt
62%
Comedian, Actor Jerry Seinfeld
61%
Actor Robert De Niro
61%
Businesswoman Ivanka Trump
60%
Astrophysicist, Science Communicator Neil deGrasse Tyson
60%
Mayor Rudy Giuliani
60%
Rapper Cardi B
57%
Comedian Pete Davidson
57%
Congresswoman Alexandria Ocasio-Cortez
54%
Actress Lindsay Lohan
53%
Actor Al Pacino
51%
Comedienne, Actress Amy Schumer
51%
Rapper Ice Spice
51%
Record Executive, Rapper Sean Combs
51%
Actor Steve Buscemi
51%
Actor Timothée Chalamet
51%
Singer Christina Aguilera
50%
Diplomat, Activist, First Lady Eleanor Roosevelt
50%
Singer Lenny Kravitz
50%
Actor Mel Gibson
50%
Rockstar Steven Tyler
50%
Radio Personality Howard Stern
49%
Singer Lana Del Rey
49%
Actress Lucy Liu
49%
Songwriter, Actor, Playwright Lin-Manuel Miranda
48%
Actress Jane Fonda
47%
Actor Jesse Eisenberg
47%
Director Martin Scorsese
47%
Governor Andrew Cuomo
46%
Singer Billy Joel
46%
Businessman Donald Trump Jr
46%
Actress Barbra Streisand
45%
Actor Christopher Walken
45%
Basketball Player Kareem Abdul-Jabbar
45%
Broadcast Journalist Anderson Cooper
44%
First Lady Barbara Bush
44%
Actress Sigourney Weaver
43%
Actress Julia Louis-Dreyfus
42%
Singer Alicia Keys
41%
Actor Christopher Reeve
41%
Gay Politician Harvey Milk
41%
Comedian, Producer Larry David
41%
Actor Humphrey Bogart
40%
Physicist J Robert Oppenheimer
40%
Radio & TV Host Larry King
40%
Actress Maggie Gyllenhaal
40%
Director Stanley Kubrick
40%
Supreme Court Justice Sonia Sotomayor
38%
Secretary of State, Army Officer Colin Powell
37%
Actor Kieran Culkin
37%
Actor Cuba Gooding Jr
35%
Singer Cyndi Lauper
35%
Actor Ray Romano
35%
Actress, Singer Idina Menzel
34%
Comedian, Actor Groucho Marx
33%
Comedian, Political Commentator, Activist Jon Stewart
33%
Actor Matthew Broderick
32%
Singer, Dancer, Actor Sammy Davis Jr.
32%
Actress Sarah Michelle Gellar
32%
Singer Aaliyah
31%
Actress Awkwafina
31%
Comedienne Joan Rivers
31%
Senate Majority Leader Chuck Schumer
30%
Comedienne, Actress Kristin Wiig
30%
TV Host Regis Philbin
30%
Mayor Bill de Blasio
29%
Astronomer, Science Communicator Carl Sagan
29%
Comedian George Carlin
29%
Actor Kirk Douglas
29%
Actress Marisa Tomei
29%
Actress Alexandra Daddario
28%
Rapper ASAP Rocky
28%
Actor Sebastian Stan
28%
Actress Lea Michelle
27%
Actor Alan Alda
26%
Comedian Billy Crystal
26%
YouTuber Casey Neistat
26%
Singer Harry Belafonte
26%
Comedian Rodney Dangerfield
26%
Actor Josh Peck
25%
Fashion Designer Ralph Lauren
25%
Conservative Media Pundit Sean Hannity
25%
Senator, Comedian Al Franken
24%
Baseball Player Lou Gehrig
24%
Director Francis Ford Coppola
23%
Comedian Gilbert Gottfried
23%
Actress Jennifer Connelly
23%
Actress Rosario Dawson
23%
Conservative Media Pundit Ann Coulter
22%
Actor Ansel Elgort
22%
Voice Actor Hank Azaria
22%
Singer Neil Diamond
22%
Businesswomen, Actress Priscilla Presley
22%
Conservative Media Pundit Bill O'Reilly
21%
Jazz Musician Duke Ellington
21%
Actor Tony Danza
21%
Actress Alyssa Milano
20%
Actor Billy Dee Williams
20%
Actor Charlie Day
20%
Rockstar Lou Reed
20%
Actress Mary Tyler Moore
20%
Singer Art Garfunkel
19%
Fashion Designer Calvin Klein
17%
Actress Emmy Rossum
17%
Senator Joe Lieberman
17%
Singer Melanie Martinez
17%
Comedian, Filmmaker, Actor Mel Brooks
17%
Economist Milton Friedman
17%
TV Host Ed Sullivan
16%
Composer George Gershwin
15%
Director Joss Whedon
15%
Singer Bebe Rexha
14%
Comedian, Actor Billy Eichner
14%
Author J D Salinger
14%
Virologist Jonas Salk
14%
Founding Father, Governor John Jay
13%
Actress Melissa Rauch
13%
YouTuber Philip DeFranco
12%
Composer, Lyricist Stephen Sondheim
11%
Director Aaron Sorkin
9%
Actress Phoebe Cates
9%
Taoiseach, President of Ireland Éamon de Valera
7%
Author James Patterson
7%
Saint Elizabeth Ann Seton
5%
Actress, Singer Ethel Merman
5%
No matching quizzes found
Score Distribution
Percent of People with Each Score
Percentile by Number Answered
Your Score History
You have not taken this quiz